Las fuentes de la moral cristiana : su método, su contenido, su historia /
সংরক্ষণ করুন:
| প্রধান লেখক: | |
|---|---|
| অন্যান্য লেখক: | , |
| বিন্যাস: | বৈদ্যুতিক বৈদ্যুতিন গ্রন্থ |
| ভাষা: | স্প্যানিশ ফরাসি |
| প্রকাশিত: |
Pamplona, España :
EUNSA, Ediciones Universidad de Navarra,
[2007]
|
| মালা: | Colección teológica ;
60. |
| বিষয়গুলি: | |
| অনলাইন ব্যবহার করুন: | Digitalia Hispánica |
| ট্যাগগুলো: |
ট্যাগ যুক্ত করুন
কোনো ট্যাগ নেই, প্রথমজন হিসাবে ট্যাগ করুন!
|
MARC
| LEADER | 00000nam a2200000Ii 4500 | ||
|---|---|---|---|
| 001 | DIGEDUNAV0354 | ||
| 003 | NyNyDIG | ||
| 006 | m o d | ||
| 007 | cr ||||||||||| | ||
| 008 | 220611s2007 sp o 000 0 spa d | ||
| 035 | |a (OCoLC)847440224 | ||
| 040 | |a DGITA |b eng |e rda |e pn |c DGITA | ||
| 020 | |z 9788431324308 | ||
| 041 | 1 | |a spa |h fre | |
| 050 | 1 | 4 | |a BJ1242 ebook |
| 082 | 0 | 4 | |a 241 |
| 100 | 1 | |a Pinckaers, Servais, |e author. | |
| 240 | 1 | 0 | |a Sources de la morale chrétienne. |l Spanish |s (García Norro) |
| 245 | 1 | 4 | |a Las fuentes de la moral cristiana : |b su método, su contenido, su historia / |c Servais (TH.) Pinckaers OP ; traductor, Juan José García Norro. |
| 264 | 1 | |a Pamplona, España : |b EUNSA, Ediciones Universidad de Navarra, |c [2007] | |
| 300 | |a 1 online resource. | ||
| 336 | |a text |b txt |2 rdacontent | ||
| 337 | |a computer |b c |2 rdamedia | ||
| 338 | |a online resource |b cr |2 rdacarrier | ||
| 347 | |a text file |2 rdaft | ||
| 347 | |b PDF | ||
| 490 | 1 | |a Colección Teológica ; |v 60 | |
| 500 | |a "Tercera edición preparada por Tomás Trigo"--Cover | ||
| 588 | 0 | |a Online resource; title from PDF title page (Digitalia, viewed June 11, 2022) | |
| 650 | 0 | |a Christian ethics. | |
| 650 | 0 | |a Christian ethics |x History. | |
| 655 | 0 | |a Electronic books. | |
| 700 | 1 | |a Trigo, Tomás, |e contributor agent of text. | |
| 700 | 1 | |a García Norro, Juan José, |e translator. | |
| 700 | 1 | |i Translation of: |a Pinckaers, Servais. |t Sources de la morale chrétienne. | |
| 791 | 2 | |a Digitalia (Firm), |e distributor. | |
| 793 | 0 | |g Digitalia eBook Collection: |a Ediciones Universidad de Navarra | |
| 776 | 0 | 8 | |i Print version: |a Pinckaers, Servais. |s Sources de la morale chrétienne. Spanish (García Norro). |t Fuentes de la moral cristiana. |b Tercera edición. |d Pamplona, España : EUNSA, Ediciones Universidad de Navarra, [2007] |z 9788431324308 |
| 830 | 0 | |a Colección teológica ; |v 60. | |
| 856 | 4 | 0 | |3 Digitalia Hispánica |u https://digitalia.unach.elogim.com/a/51348/ |
| 910 | |a Premium collection: 2022 | ||